000 00527nam a2200181 i 4500
001 59365
003 ES-MaACL
005 20230906164023.0
007 t|
008 031028s1980 sp ||||1| spa d
080 _a821.14'06-14"19"
100 1 _aElytes, Odysseas.
_9141766
245 1 0 _aDignum est /
_cOdysseas Elitis ; versión de Cristián Carandell.
260 _a[Barcelona] :
_bPlaza & Janés,
_c[1980]
300 _a147 p. ;
_c19 cm.
700 1 _aCarandell, Cristián.
_934956
852 _aES-MaACL
_jL-247
_bR.100701
999 _c59365
_d59365